Pokémon aus Generation 3 - Statistiken

Allgemein
  • Dieses Quiz wurde 45 mal gespielt
  • Das Durchschnittsergebnis liegt bei 76 aus 135
Antwortstatistiken
Hint Antwort % Korrekt
252 Geckarbor
96%
258 Hydropi
96%
257 Lohgock
96%
255 Flemmli
91%
254 Gewaldro
91%
383 Groudon
87%
382 Kyogre
87%
384 Rayquaza
87%
253 Reptain
87%
276 Schwalbini
87%
277 Schwalboss
87%
260 Sumpex
87%
256 Jungglut
83%
278 Wingull
78%
386 Deoxys
74%
261 Fiffyen
74%
312 Minun
74%
259 Moorabbel
74%
279 Pelipper
74%
311 Plusle
74%
378 Regice
74%
377 Regirock
74%
379 Registeel
74%
273 Samurzel
74%
320 Wailmer
74%
321 Wailord
74%
264 Geradaks
70%
282 Guardevoir
70%
385 Jirachi
70%
371 Kindwurm
70%
281 Kirlia
70%
262 Magnayen
70%
266 Schaloko
70%
280 Trasla
70%
265 Waumpel
70%
263 Zigzachs
70%
274 Blanas
65%
373 Brutalanda
65%
272 Kappalores
65%
380 Latias
65%
381 Latios
65%
268 Panekon
65%
267 Papinella
65%
269 Pudox
65%
349 Barschwa
61%
286 Kapilz
61%
285 Knilz
61%
350 Milotic
61%
306 Stollos
61%
305 Stollrak
61%
304 Stollunior
61%
322 Camaub
57%
323 Camerupt
57%
297 Hariyama
57%
295 Krawumms
57%
330 Libelldra
57%
271 Lombrero
57%
270 Loturzel
57%
376 Metagross
57%
288 Muntier
57%
275 Tengulist
57%
319 Tohaido
57%
298 Azurill
52%
354 Banette
52%
372 Draschel
52%
293 Flurmel
52%
351 Formeo
52%
309 Frizelbliz
52%
352 Kecleon
52%
328 Knacklion
52%
289 Letarking
52%
337 Lunastein
52%
375 Metang
52%
353 Shuppet
52%
338 Sonnfel
52%
329 Vibrava
52%
310 Voltenso
52%
340 Welsar
52%
356 Zwirrklop
52%
355 Zwirrlicht
52%
334 Altaria
48%
287 Bummelz
48%
300 Eneco
48%
303 Flunkifer
48%
283 Gehweiher
48%
296 Makuhita
48%
284 Maskeregen
48%
307 Meditie
48%
290 Nincada
48%
292 Ninjatom
48%
315 Roselia
48%
339 Schmerbe
48%
357 Tropius
48%
333 Wablu
48%
302 Zobiris
48%
367 Aalabyss
43%
301 Enekoro
43%
326 Groink
43%
314 Illumise
43%
294 Krakeelo
43%
344 Lepumentas
43%
345 Liliep
43%
366 Perlu
43%
343 Puppance
43%
324 Qurtel
43%
316 Schluppuck
43%
335 Sengo
43%
325 Spoink
43%
374 Tanhel
43%
348 Armaldo
39%
360 Isso
39%
308 Meditalis
39%
299 Nasgnet
39%
291 Ninjask
39%
358 Palimpalim
39%
369 Relicanth
39%
368 Saganabyss
39%
363 Seemops
39%
331 Tuska
39%
313 Volbeat
39%
365 Walraisa
39%
359 Absol
35%
347 Anorith
35%
318 Kanivanha
35%
341 Krebscorps
35%
332 Noktuska
35%
317 Schlukwech
35%
361 Schneppke
35%
336 Vipitis
35%
362 Firnontor
30%
342 Krebutack
30%
327 Pandir
30%
364 Seejong
30%
346 Wielie
30%
370 Liebiskus
26%
Keine übereinstimmenden Quizze gefunden
Verteilung der Resultate
Anzahl Personen mit jedem Resultat
Perzentil nach korrekt beantworteten Fragen
Ihre Resultats-Entwicklung
Sie haben dieses Quiz noch nicht gespielt